Lanean...

English Language Teaching An Integrated Approach

Xehetasun bibliografikoak
Egile nagusia: Parvathikutty M
Formatua: Electronic Thesis
Hizkuntza:English
Gaiak:
Sarrera elektronikoa:http://hdl.handle.net/10603/213201
LEADER 00518nam a2200169Ia 4500
001 215176
008 190202t ii ||||fom||| 00| 0 eng d
100 |a Parvathikutty M 
245 |a English Language Teaching An Integrated Approach 
502 |a Thesis (Ph. D.) -- Department of English, University of Calicut, 
546 |a English 
653 |a English language teaching 
653 |a English language teaching 
796 |a MARY K A 
856 |u http://hdl.handle.net/10603/213201 
952 |a ON  |c ETD  |y ETD 
999 |c etd215176